banner-ar

اسرار السلالات البشرية المفقودة : (Record no. 64997)

MARC details
000 -الفاتح
حقل البيانات ثابتة الطول 01103nam a22002537a 4500
005 - وقت وتاريخ اخر تعامل مع التسجيلة
رقم الضبط 20240530110801.0
008 - عناصر البيانات ثابتة الطول - معلومات عامة
حقل البيانات ثابتة الطول 190211s2018 ua g 000 | ara d
017 ## - رقم الايداع القانونى
رقم الايداع القانونى 2017/28575
المصدر ( الهيئة المختصة) مصر. دار الكتب
020 ## - الرقم الدولى المعيارى للكتب
الرقم الدولى المعيارى للكتاب 9789773769957
040 ## - مصدر الفهرسة
وكالة الفهرسة الأصلية EG-CaGPL
وكالة النسخ EG-CaGPL
082 04 - رقم تصنيف ديوى العشرى
رقم الطبعة 21
رقم التصنيف 576.88/
رقم المادة ن أ
100 1# - المدخل الرئيسى - إسم شخصى
الإسم الشخصى نوربيرجن، روته
245 10 - بيان العنوان
العنوان اسرار السلالات البشرية المفقودة :
بقية العنوان اثارت هذة الرؤية جدلا لا مثيل له فى تاريخ الفكر البشرى منذ صدور مركبات الالهة /
بيان المسئوليه,etc رونه نوربيرجن ؛ ترجمة فارس ضاهر ؛ تقديم عبدالرحمن غنيم
250 ## - بيان الطبعة
بيان الطبعة ط.1
260 ## - PUBLICATION, DISTRIBUTION, ETC. (IMPRINT)
تاريخ النشر أو التوزيع 2018.
300 ## - الوصف المادى
التعداد 271 ص. ؛
أبعاد الوعاء 24 سم.
650 07 - المدخل الاضافى بالموضوع-مصطلح موضوعى
مصدر الرأس أو المصطلح qrmak
مصطلح موضوعي النشوء و الارتقاء
650 07 - المدخل الاضافى بالموضوع-مصطلح موضوعى
مصدر الرأس أو المصطلح qrmak
مصطلح موضوعي السلالات البشرية
651 ## - المدخل الاضافى بالموضوع - اسم جغرافى
مصدر الرأس أو المصطلح qrmak
700 0# - المدخل الاضافى - اسم شخصى
الإسم الشخصى فارس ضاهر
الدور مترجم
700 0# - المدخل الاضافى - اسم شخصى
الإسم الشخصى عبدالرحمن غنيم
الدور مقدم
942 ## - عناصر المدخل الإضافي( كوها)
مصدر التصنيف او مخطط الترفيف Dewey Decimal Classification
Koha [default] item type كتاب
260 ## - PUBLICATION, DISTRIBUTION, ETC. (IMPRINT)
-- القاهرة :
-- دار الكتاب العربى،
Holdings
حالة التراجع حالة الفقد حالة تلف ليس للاعارة المكان المؤقت الموقع الحالى موقع الترفيف تاريخ الاكتساب اجمالي اﻻعارات رقم الطلب الباركود تاريخ اخر مشاهدة تاريخ تفعيل السعر نوع وعاء كوها
        مكتبة القاهرة الكبرى مكتبة القاهرة الكبرى القاعة الرئيسية 02/11/2019   576.88/ ن أ 165533 02/11/2019 02/11/2019 كتاب

Powered By

EGPV